Mineral composition of the pelitic fraction of the Dnister river bottom sediments (Ukraine) data of semi-quantitative analysis /
Elmentve itt :
| Szerzők: | |
|---|---|
| Dokumentumtípus: | Cikk |
| Megjelent: |
Department of Mineralogy, Geochemistry and Petrology, University of Szeged
Szeged
2003
|
| Sorozat: | Acta mineralogica-petrographica
1 Acta mineralogica-petrographica : abstract series 1 |
| Kulcsszavak: | Földtan - előadáskivonat, Kőzettan - előadáskivonat, Ásványtan - előadáskivonat |
| Tárgyszavak: | |
| Online Access: | http://acta.bibl.u-szeged.hu/31416 |
| LEADER | 01089nab a2200241 i 4500 | ||
|---|---|---|---|
| 001 | acta31416 | ||
| 005 | 20260212145250.0 | ||
| 008 | 161017s2003 hu o 000 eng d | ||
| 022 | |a 0324-6523, 1589-4835 | ||
| 040 | |a SZTE Egyetemi Kiadványok Repozitórium |b hun | ||
| 041 | |a eng | ||
| 100 | 1 | |a Yaremchuk Ya. | |
| 245 | 1 | 0 | |a Mineral composition of the pelitic fraction of the Dnister river bottom sediments (Ukraine) |h [elektronikus dokumentum] : |b data of semi-quantitative analysis / |c Yaremchuk Ya. |
| 260 | |a Department of Mineralogy, Geochemistry and Petrology, University of Szeged |b Szeged |c 2003 | ||
| 300 | |a 115 | ||
| 490 | 0 | |a Acta mineralogica-petrographica |v 1 | |
| 490 | 0 | |a Acta mineralogica-petrographica : abstract series |v 1 | |
| 650 | 4 | |a Természettudományok | |
| 650 | 4 | |a Föld- és kapcsolódó környezettudományok | |
| 695 | |a Földtan - előadáskivonat, Kőzettan - előadáskivonat, Ásványtan - előadáskivonat | ||
| 700 | 0 | 1 | |a Skul's'ka L. |e aut |
| 700 | 0 | 1 | |a Koshil M. |e aut |
| 856 | 4 | 0 | |u http://acta.bibl.u-szeged.hu/31416/1/mineralogica_as_001_115.pdf |z Dokumentum-elérés |